[Event "AUTO-OPEN-664"]
[Site "http://www.queenalice.com/game.php?id=212488"]
[Date "2007.5.17"]
[Round "1"]
[White "Rogelio"]
[Black "axando"]
[Result "0-1"]
[WhiteElo "1500"]
[BlackElo "1278"]

1. c4 c5 2. Nc3 Nc6 3. g3 g6 4. Bg2 Bg7 5. e3 Nf6 6. Nge2 O-O 7. O-O Qc7 8. f4
d6 9. d4 cxd4 10. Nd5 Qd7 11. Nxf6+ Bxf6 12. Bxc6 Qxc6 13. Qc2 Bh3 14. e4 Bxf1
15. Kxf1 Rfc8 16. Qb3 Qxc4 17. Qxb7 d3 18. Nc3 d2+ 19. Ne2 dxc1=Q+ 20. Rxc1 Qe6
0-1

[Event "AUTO-INT-664"]
[Site "http://www.queenalice.com/game.php?id=293349"]
[Date "2007.10.26"]
[Round "1"]
[White "Milton"]
[Black "Rogelio"]
[Result "0-1"]
[WhiteElo "1479"]
[BlackElo "1460"]

1. e4 c5 2. Nf3 d6 3. d4 cxd4 4. Nxd4 Nf6 5. Nc3 a6 6. Bc4 e5 7. Nf5 Bxf5 8. Nd5
Bxe4 9. Bg5 Bxd5 10. Bxd5 Qa5+ 11. c3 Qxd5 12. Qxd5 Nxd5 13. O-O Nd7 14. Rad1
N7f6 15. Bxf6 Nxf6 16. Rfe1 Be7 17. b4 O-O 18. a4 Rac8 19. Rd3 e4 20. Rd4 Rxc3
21. f3 d5 22. fxe4 dxe4 23. b5 Bc5 24. bxa6 Bxd4+ 25. Kf1 bxa6 26. Rb1 e3 27.
Ke2 Rfc8 28. Rb7 Rc2+ 29. Kd1 Ne4 30. g4 e2+ 0-1

[Event "AUTO-INT-664"]
[Site "http://www.queenalice.com/game.php?id=293350"]
[Date "2007.10.26"]
[Round "1"]
[White "Rogelio"]
[Black "Milton"]
[Result "1-0"]
[WhiteElo "1228"]
[BlackElo "1506"]

1. c4 c5 2. Nc3 Nc6 3. g3 g6 4. Bg2 Bg7 5. e3 e5 6. a3 Nf6 7. Nge2 O-O 8. O-O d6
9. Rb1 Re8 10. d3 b6 11. Bxc6 Bd7 12. Bxa8 Qxa8 13. e4 Ng4 14. Nd5 Qc6 15. Nec3
Nh6 16. Bxh6 Bxh6 17. Nf6+ Kf8 18. Nxe8 Bxe8 19. Nd5 Bd7 20. Qf3 b5 21. Qf6 Qa6
22. Qh8# 1-0

[Event "AUTO-INT-664"]
[Site "http://www.queenalice.com/game.php?id=293365"]
[Date "2007.10.26"]
[Round "1"]
[White "Rogelio"]
[Black "marcosbratz"]
[Result "1-0"]
[WhiteElo "1313"]
[BlackElo "1648"]

1. c4 Nf6 2. Nc3 e6 3. g3 Bb4 4. Qb3 a5 5. a3 Bxc3 6. Qxc3 O-O 7. Bg2 d5 8. cxd5
Nxd5 9. Qc2 Nc6 10. e3 f5 11. Ne2 Nce7 12. O-O Ng6 13. f4 c6 14. b3 b5 15. Bb2
Ba6 16. Qxc6 b4 17. Qxe6+ Kh8 18. Rfe1 Bc8 19. Qxd5 Qxd5 20. Bxd5 Ra7 21. Bd4
Rd7 22. Bc6 Rd6 23. Rec1 Bd7 24. Bxd7 Rxd7 25. axb4 axb4 26. Ra4 Rb7 27. Ra7
Rxa7 28. Bxa7 h5 29. Nd4 Ra8 30. Rc7 Nf8 31. Nxf5 Ne6 32. Re7 Nf8 33. Rxg7 Rd8
34. Bd4 Ne6 35. Rd7+ 1-0

[Event "AUTO-INT-664"]
[Site "http://www.queenalice.com/game.php?id=293366"]
[Date "2007.10.26"]
[Round "1"]
[White "marcosbratz"]
[Black "Rogelio"]
[Result "0-1"]
[WhiteElo "1648"]
[BlackElo "1394"]

1. e4 c5 2. Nf3 d6 3. d4 cxd4 4. Qxd4 Nc6 5. Qa4 Bd7 6. Bb5 a6 7. Bxc6 Bxc6 8.
Qd4 Nf6 9. Nc3 e5 10. Nxe5 dxe5 11. Qxe5+ Be7 12. O-O O-O 13. Rd1 Qe8 14. Bg5
Rd8 15. Rxd8 Qxd8 16. Rd1 Qe8 17. h3 b5 18. a3 a5 19. Rd4 h6 20. Bf4 Bd8 21.
Qxe8 Rxe8 22. e5 Nh5 23. Ne2 Bc7 24. g4 Nxf4 25. Nxf4 Bxe5 26. c3 Bxd4 27. cxd4
Re4 28. d5 Rxf4 29. dxc6 Rc4 30. b4 axb4 31. axb4 Rxc6 32. Kg2 Rc4 33. Kg3 Rxb4
34. f4 Rd4 0-1

[Event "AUTO-INT-664"]
[Site "http://www.queenalice.com/game.php?id=293367"]
[Date "2007.10.26"]
[Round "1"]
[White "Rogelio"]
[Black "The_Undertaker"]
[Result "1-0"]
[WhiteElo "1501"]
[BlackElo "1429"]

1. c4 e5 2. Nc3 Nc6 3. g3 Nf6 4. Bg2 Bc5 5. e3 d6 6. a3 Bg4 7. f3 Bh5 8. Nge2
O-O 9. O-O Na5 10. Nd5 Nxd5 11. cxd5 1-0

[Event "AUTO-INT-664"]
[Site "http://www.queenalice.com/game.php?id=293368"]
[Date "2007.10.26"]
[Round "1"]
[White "The_Undertaker"]
[Black "Rogelio"]
[Result "0-1"]
[WhiteElo "1429"]
[BlackElo "1516"]

1. e4 c5 2. Nc3 d6 3. Nf3 Bg4 4. Bb5+ Nd7 5. Nd5 a6 6. Ba4 b5 7. Bb3 Ne5 8. a3
Nxf3+ 9. gxf3 Bh5 10. c4 e6 11. Nf4 Bg6 0-1

[Event "AUTO-OPEN-890"]
[Site "http://www.queenalice.com/game.php?id=298515"]
[Date "2007.11.5"]
[Round "1"]
[White "Rogelio"]
[Black "Savage_king"]
[Result "0-1"]
[WhiteElo "1504"]
[BlackElo "1871"]

1. c4 Nf6 2. Nc3 e6 3. g3 c6 4. Bg2 Na6 5. e3 Nc7 6. Nge2 d5 7. b3 Bd6 8. Bb2
O-O 9. cxd5 Ncxd5 10. O-O b5 11. d3 a5 12. a4 b4 13. Ne4 Bb7 14. Rc1 Rc8 15. Qd2
Qd7 16. Bxf6 Nxf6 17. Nxf6+ gxf6 18. e4 e5 19. f4 Kg7 20. f5 Rh8 21. g4 Rcg8 22.
h4 h5 23. g5 fxg5 24. Qxg5+ Kf8 25. Qf6 Qe7 26. Qxe7+ Kxe7 27. d4 exd4 28. Nxd4
c5 29. Nb5 Bxe4 30. Rce1 Rxg2+ 31. Kh1 Rh2+ 0-1

[Event "AUTO-OPEN-890"]
[Site "http://www.queenalice.com/game.php?id=298516"]
[Date "2007.11.5"]
[Round "1"]
[White "Savage_king"]
[Black "Rogelio"]
[Result "0-1"]
[WhiteElo "1856"]
[BlackElo "1466"]

1. e4 c5 2. Nf3 d6 3. d4 cxd4 4. Bb5+ Nd7 5. Nxd4 a6 6. Ba4 Qa5+ 7. Nc3 b5 8.
Bb3 Ndf6 9. Nc6 Qb6 10. Nd5 Qxc6 0-1

[Event "AUTO-OPEN-890"]
[Site "http://www.queenalice.com/game.php?id=298517"]
[Date "2007.11.5"]
[Round "1"]
[White "Rogelio"]
[Black "arliones"]
[Result "0-1"]
[WhiteElo "1490"]
[BlackElo "1501"]

1. c4 e5 2. Nc3 Nf6 3. g3 g6 4. Bg2 Bg7 5. e3 O-O 6. Nge2 Nc6 7. b3 d6 8. O-O b6
9. Bxc6 Rb8 10. f4 Bb7 11. Bxb7 Rxb7 0-1

[Event "AUTO-OPEN-890"]
[Site "http://www.queenalice.com/game.php?id=298518"]
[Date "2007.11.5"]
[Round "1"]
[White "arliones"]
[Black "Rogelio"]
[Result "1-0"]
[WhiteElo "1484"]
[BlackElo "1507"]

1. e4 c5 2. Nf3 d6 3. g3 Nc6 4. Bg2 Nf6 5. O-O Bg4 6. Qe1 Nd4 7. Nxd4 cxd4 8. e5
dxe5 9. Qxe5 b6 10. c3 Rc8 11. cxd4 g6 12. Qb5+ Bd7 13. Qa6 1-0

[Event "AUTO-OPEN-890"]
[Site "http://www.queenalice.com/game.php?id=298519"]
[Date "2007.11.5"]
[Round "1"]
[White "Rogelio"]
[Black "VachislavVasilievichRagosin"]
[Result "0-1"]
[WhiteElo "1498"]
[BlackElo "1722"]

1. c4 Nf6 2. Nc3 g6 3. g3 Bg7 4. Bg2 O-O 5. e3 c6 6. Nge2 d5 7. cxd5 cxd5 8. b3
Nc6 9. Bb2 Nb4 10. d3 Bf5 11. Nc1 d4 12. exd4 Qxd4 13. Bf1 Rac8 14. Na4 Qd5 15.
Rg1 Nc2+ 16. Ke2 Bg4+ 17. f3 Qxf3+ 18. Kd2 Qxd1# 0-1

[Event "AUTO-OPEN-890"]
[Site "http://www.queenalice.com/game.php?id=298520"]
[Date "2007.11.5"]
[Round "1"]
[White "VachislavVasilievichRagosin"]
[Black "Rogelio"]
[Result "1-0"]
[WhiteElo "1842"]
[BlackElo "1522"]

1. e4 c5 2. Nf3 d6 3. d4 cxd4 4. Nxd4 Nf6 5. Nc3 e5 6. Bb5+ Nbd7 7. Nf5 a6 8.
Bc4 b5 9. Bd5 Rb8 10. Bg5 Be7 11. Bc6 h6 12. Bxf6 Bxf6 13. Qxd6 g6 14. Qxb8 Kf8
15. Nd6 Nb6 16. Nxc8 Nxc8 17. Rd1 Qe7 18. Qxc8+ Kg7 19. Qxa6 Qb4 20. Qxb5 Qxb5
21. Bxb5 Rc8 22. O-O Rc7 23. Rd7 Rc5 24. Rfd1 g5 25. a4 h5 26. a5 h4 27. a6 Rc8
28. a7 g4 29. Bc6 1-0

[Event "AUTO-INT-674"]
[Site "http://www.queenalice.com/game.php?id=298730"]
[Date "2007.11.5"]
[Round "1"]
[White "Rogelio"]
[Black "AprendizdeXadrez"]
[Result "1-0"]
[WhiteElo "1485"]
[BlackElo "1410"]

1. c4 e5 2. Nc3 Qh4 3. d3 Bc5 4. Nf3 Qxf2+ 5. Kd2 d6 6. Ne4 Qe3+ 7. Kc3 Bd4+ 8.
Nxd4 Qxd4+ 9. Kd2 Be6 10. h3 Bxc4 11. g4 Nf6 12. Nxf6+ gxf6 13. Ke1 Bb5 14. Bg2
c6 15. Rb1 a5 16. Rf1 Nd7 17. b3 a4 18. Bb2 Qb4+ 19. Kf2 axb3 20. a3 Qf4+ 21.
Kg1 Nc5 22. Rxf4 exf4 23. Bxf6 Rg8 24. Qd2 Rxa3 25. Qxf4 Ra2 26. Qxd6 Nd7 27.
Qe7# 1-0

[Event "AUTO-INT-674"]
[Site "http://www.queenalice.com/game.php?id=298731"]
[Date "2007.11.5"]
[Round "1"]
[White "AprendizdeXadrez"]
[Black "Rogelio"]
[Result "1-0"]
[WhiteElo "1388"]
[BlackElo "1530"]

1. e4 c5 2. Qh5 d6 3. Bc4 g6 4. Qf3 e6 5. b3 Nc6 6. c3 Bg7 7. Ne2 Ne5 8. Qg3 Ne7
9. d3 O-O 10. d4 cxd4 11. Nxd4 Nxc4 12. bxc4 Qc7 13. Bg5 Be5 14. Qh4 Nc6 15. Bf6
Bd7 16. f4 Bxf6 17. Qxf6 e5 18. fxe5 dxe5 19. Nf3 Rae8 20. h4 Re6 21. Qg5 Qb6
22. h5 f6 23. Qh6 g5 24. Nbd2 Qe3+ 25. Kd1 Qxc3 26. Rc1 Qd3 27. Nxg5 fxg5 28.
Qxg5+ Kh8 29. h6 1-0

[Event "AUTO-INT-674"]
[Site "http://www.queenalice.com/game.php?id=298732"]
[Date "2007.11.5"]
[Round "1"]
[White "Rogelio"]
[Black "mateuserafa"]
[Result "0-1"]
[WhiteElo "1502"]
[BlackElo "1731"]

1. c4 e5 2. Nc3 c5 3. g3 Nc6 4. e3 d6 5. Bg2 Nf6 6. Nge2 Bf5 7. a3 Be7 8. O-O
O-O 9. Qa4 Bd3 10. Re1 Na5 11. b3 Bc2 12. Nd5 Nxd5 13. Bxd5 Bxb3 14. Qb5 a6 15.
Qxa5 Qxa5 16. Bxb7 Rab8 17. Bd5 Ba4 18. Nc3 Bd7 19. h4 Be6 20. Ne4 Bxd5 21. cxd5
f5 22. Nc3 e4 23. Kh2 Bf6 0-1

[Event "AUTO-INT-674"]
[Site "http://www.queenalice.com/game.php?id=298733"]
[Date "2007.11.5"]
[Round "1"]
[White "mateuserafa"]
[Black "Rogelio"]
[Result "1-0"]
[WhiteElo "1738"]
[BlackElo "1493"]

1. e4 c5 2. Nf3 d6 3. Nc3 Nc6 4. Bc4 Nf6 5. O-O Bg4 6. h3 Bh5 7. Be2 e6 8. d4 b6
9. Bb5 Rc8 10. d5 exd5 11. exd5 Bxf3 12. Qxf3 Be7 13. Bxc6+ Nd7 14. Qg4 a6 15.
Re1 O-O 16. Bxd7 f5 17. Bxf5 Rc7 18. Be6+ Kh8 19. Bf4 Rf6 20. Ne4 Rg6 21. Qh5
Qf8 22. Bf5 Rh6 23. Bxh6 gxh6 24. Nxd6 Bxd6 25. Re8 1-0

[Event "AUTO-INT-674"]
[Site "http://www.queenalice.com/game.php?id=298734"]
[Date "2007.11.5"]
[Round "1"]
[White "Rogelio"]
[Black "MGimenes"]
[Result "0-1"]
[WhiteElo "1483"]
[BlackElo "1653"]

1. c4 e6 2. Nc3 d5 3. e3 Nf6 4. g3 dxc4 5. Bxc4 Nc6 6. Bf1 Bb4 7. Nge2 O-O 8.
Bg2 Bd7 9. O-O Qe7 10. a3 Bxc3 11. bxc3 e5 12. f4 exf4 13. Nxf4 Rad8 14. Bb2 Qd6
15. d4 Rfe8 16. Re1 Bg4 17. Qd2 Ne4 18. Bxe4 Rxe4 19. d5 Ne5 20. Kf2 Nf3 21. Qd3
Bf5 22. Qe2 Nxe1 23. Kxe1 Rde8 24. Bc1 Qc5 25. c4 Rxe3 26. Bxe3 Rxe3 0-1

[Event "AUTO-INT-674"]
[Site "http://www.queenalice.com/game.php?id=298735"]
[Date "2007.11.5"]
[Round "1"]
[White "MGimenes"]
[Black "Rogelio"]
[Result "1-0"]
[WhiteElo "1720"]
[BlackElo "1517"]

1. d4 Nf6 2. c4 e6 3. Nc3 Bb4 4. Qc2 Nc6 5. Nf3 O-O 6. Bg5 h6 7. Bxf6 Qxf6 8. e3
b6 9. a3 Bd6 10. Nb5 e5 11. c5 bxc5 12. dxc5 Be7 13. Nxc7 Rb8 14. Nd5 Qe6 15.
Nxe7+ Qxe7 16. Be2 f5 17. O-O e4 18. Nd4 Ne5 19. b4 Bb7 20. Rfd1 Rbc8 21. Nb5
Rf6 22. Nxa7 Rc7 23. Nb5 Rcc6 24. Rd2 Rg6 25. Qb3+ Kh8 26. Nd6 Qg5 27. g3 Bc8
28. Qd5 Re6 29. b5 Rc7 30. Kh1 Kh7 31. c6 dxc6 32. bxc6 Qe7 33. Nxf5 Qf6 34. Nd6
Rxc6 35. Nxc8 Rxc8 36. Qxe4+ g6 37. Qb7+ Re7 38. Qxc8 Nf3 39. Bxf3 Qxa1+ 40. Kg2
Qg7 41. a4 Rf7 42. a5 Qf6 43. Qc6 Qf5 44. a6 Qa5 45. Rd7 Qf5 46. Rxf7+ Qxf7 47.
Qb7 1-0

[Event "Zampronha x Rogélio"]
[Site "http://www.queenalice.com/game.php?id=315360"]
[Date "2007.12.5"]
[Round "-"]
[White "corinthians2"]
[Black "Rogelio"]
[Result "1-0"]
[WhiteElo "2108"]
[BlackElo "1501"]

1. c4 c5 2. Nc3 d6 3. Nf3 Nf6 4. g3 Nc6 5. Bg2 g6 6. O-O Bg7 7. d4 Nd7 8. e3
cxd4 9. exd4 O-O 10. Re1 a6 11. Bg5 Nf6 12. d5 Na7 13. Qd2 Bf5 14. Rac1 e6 15.
Nd4 Rc8 16. dxe6 fxe6 17. Nxf5 exf5 18. Bxb7 Rxc4 19. Bd5+ Kh8 20. Bxc4 Qb6 21.
Re7 Nc6 22. Rxg7 Nd4 23. Be2 1-0